| 000 | 00587nam a22002177a 4500 | ||
|---|---|---|---|
| 005 | 20170124110106.0 | ||
| 010 | _aA-682557 | ||
| 020 | _c00.00 | ||
| 035 | _aA-682557 | ||
| 037 | _bCen Lib/Ret | ||
| 040 |
_aDPL _bEN |
||
| 082 |
_aN _bCAR |
||
| 100 |
_aCarter, Robert _928117 |
||
| 245 |
_aTalwar / _cby Robert Carter |
||
| 260 |
_bPenguin Books _c1993 _aNew Delhi |
||
| 270 |
_a706 eros apartment, 56, nehru place _bNew Delhi _e110019 |
||
| 300 |
_a452p. _c21cm(Hb) |
||
| 650 |
_aLiterature--Fiction _973576 |
||
| 650 |
_aEnglish novels _973577 |
||
| 942 |
_2ddc _cEN _hN _mCAR |
||
| 999 |
_c130038 _d130038 |
||